| 000 | 00468nam a2200181Ia 4500 | ||
|---|---|---|---|
| 003 | GCL | ||
| 008 | 140319s9999 xx 000 0 eng d | ||
| 040 |
_aGCL / _cGCL |
||
| 082 | 0 | 4 |
_a749.213 _bM S |
| 100 | 1 | _aMALOOF, SAM | |
| 245 | 1 | 0 |
_aSAM MALOOF WOOD WORKER / _cMALOOF, SAM |
| 260 |
_a[S.N] : _bKODANSHA INTERNATIONAL ، _c1983 |
||
| 300 | _a222\P | ||
| 650 | 0 | 4 | _aMANUFACTURING TECHNOLOGY |
| 650 | 0 | 4 | _aWOOD FURNITURE |
| 650 | 0 | 4 | _aWOOD CRAFT |
| 942 |
_2ddc _cBK |
||
| 999 |
_c22087 _d22087 |
||